000
00280nam a22001337a 4500
003
SGT
020
_a
978-0-387-95382-3
082
_a
519.5
_b
SHA
100
_a
SHAO, JUN
245
_a
MATHEMATICAL STATISTICS
260
_a
USA
_b
SPRINGER
_c
2003
300
_a
591
942
_2
ddc
_c
BK
999
_c
22475
_d
22475